[Event "Team junior-girls chess final 2017"]
[Site "Sochi"]
[Date "2017.05.08"]
[Round "6.4"]
[White "Fairuzova, Zulfiiya"]
[Black "Garifullina, Leya"]
[Result "0-1"]
[WhiteElo "1677"]
[BlackElo "2015"]
[PlyCount "100"]
[EventDate "2017.05.01"]

1. d4 Nf6 2. Bf4 d5 3. Nf3 c5 4. c3 Qb6 5. Qb3 Bf5 6. Nbd2 Nc6 7. e3 c4 8. Qxb6
axb6 9. a3 b5 10. Rc1 h6 11. h3 Nd7 12. Bh2 Nb6 13. Be2 Na4 14. b4 e6 15. O-O
Be7 16. Rfe1 O-O 17. Bd1 Nb2 18. Ra1 Ra7 19. Be2 Na4 20. Rec1 Rfa8 21. Ra2 Nxc3
22. Rxc3 Nxb4 23. Ra1 Nc2 24. Rc1 Nxa3 25. Rf1 Nc2 26. e4 dxe4 27. Bxc4 exf3
28. Bxb5 fxg2 29. Kxg2 Bb4 30. Rxc2 Bxc2 31. Nf3 Be4 32. Rc1 Ra2 33. Bf4 Bd2
34. Bxd2 Rxd2 35. Re1 Bxf3+ 36. Kxf3 Rxd4 37. Rb1 Ra2 38. Ke3 Rdd2 39. f3 Rdb2
40. Rxb2 Rxb2 41. Bd3 f5 42. Kf4 Kf7 43. Ke5 Rb6 44. h4 g5 45. hxg5 hxg5 46.
Bc4 Rc6 47. Be2 b6 48. Kd4 Kf6 49. Bb5 e5+ 50. Kd5 Rc5+ 0-1

[Event "Team junior-girls chess final 2017"]
[Site "Sochi"]
[Date "2017.05.08"]
[Round "6.4"]
[White "Stepanyan, Eva"]
[Black "Gibadullina, Rajana"]
[Result "1/2-1/2"]
[WhiteElo "1938"]
[BlackElo "1706"]
[PlyCount "80"]
[EventDate "2017.05.01"]

1. e4 a6 2. d4 b5 3. Bd3 Bb7 4. Nf3 Nf6 5. Qe2 e6 6. O-O c5 7. c3 Be7 8. Nbd2
O-O 9. dxc5 Bxc5 10. Nb3 Be7 11. Rd1 Qc7 12. Bd2 Nc6 13. Rac1 d5 14. exd5 Nxd5
15. Bb1 Rfd8 16. Bg5 Nf4 17. Qc2 Ng6 18. Be3 Nce5 19. Nxe5 Qxe5 20. Nd2 f5 21.
Re1 Qf6 22. f3 Bd6 23. Nf1 Nh4 24. Bf2 Ng6 25. Bg3 Bf4 26. Rcd1 Rac8 27. Qe2
Bxg3 28. hxg3 Bd5 29. Ne3 Bb7 30. Nf1 Bd5 31. Ne3 Bb7 32. Bc2 Kh8 33. Rxd8+
Rxd8 34. Rd1 Qg5 35. Nf1 Bd5 36. Bb3 Bxb3 37. axb3 Rxd1 38. Qxd1 Qe7 39. Ne3 h6
40. Qd2 Qc7 1/2-1/2

[Event "Team junior-girls chess final 2017"]
[Site "Sochi"]
[Date "2017.05.10"]
[Round "7.1"]
[White "Assaubayeva, Bibisara"]
[Black "Podgornova, Anna"]
[Result "1-0"]
[WhiteElo "2224"]
[BlackElo "1708"]
[PlyCount "89"]
[EventDate "2017.05.01"]

1. Nf3 d5 2. c4 dxc4 3. Na3 Nf6 4. Nxc4 e6 5. g3 Be7 6. Bg2 O-O 7. O-O c6 8. d4
Nbd7 9. Qc2 Nb6 10. Nce5 Nfd7 11. Nd3 Bd6 12. e4 Qe7 13. a4 a5 14. e5 Bc7 15.
b3 Nd5 16. Ba3 Nb4 17. Qc3 Rd8 18. Nxb4 axb4 19. Bxb4 Qe8 20. Qc2 h6 21. Nd2
Nb6 22. Bc5 Nd5 23. Ne4 Rb8 24. Bd6 Bxd6 25. Nxd6 Qe7 26. Bxd5 exd5 27. f4 Bh3
28. Rfe1 Rd7 29. a5 Rc7 30. a6 bxa6 31. Rxa6 Bd7 32. Qc5 Qd8 33. b4 g6 34. Rea1
Kg7 35. Rc1 Ra8 36. Rxa8 Qxa8 37. b5 Ra7 38. b6 Ra6 39. b7 Qb8 40. Rb1 Ra4 41.
Qc3 Ra7 42. Qb2 c5 43. dxc5 Bc6 44. Qb6 Bd7 45. c6 1-0

[Event "Team junior-girls chess final 2017"]
[Site "Sochi"]
[Date "2017.05.10"]
[Round "7.1"]
[White "Lysokon, Polina"]
[Black "Bulatova, Kamaliya"]
[Result "0-1"]
[WhiteElo "1610"]
[BlackElo "2009"]
[PlyCount "190"]
[EventDate "2017.05.01"]

1. d4 b5 2. e4 a6 3. Bd3 Bb7 4. Ne2 e6 5. O-O Nf6 6. f3 c5 7. c3 Be7 8. Be3 d6
9. a4 c4 10. Bc2 Nbd7 11. Na3 Bc6 12. Bf2 Rb8 13. axb5 Bxb5 14. Re1 O-O 15. Ba4
Qc7 16. Bxb5 axb5 17. Nc2 Ra8 18. Nb4 Nb6 19. Qd2 d5 20. Bg3 Qb7 21. e5 Nh5 22.
Nc2 Ra4 23. Kf2 Rfa8 24. Rab1 Ra2 25. Nc1 R2a6 26. Re2 Qd7 27. Re1 Nc8 28. Kf1
Na7 29. Bf2 g6 30. g4 Ng7 31. Kg2 Nc6 32. b4 cxb3 33. Nxb3 Na5 34. Nxa5 Rxa5
35. Ra1 Ra4 36. Reb1 Qc6 37. Be1 Ne8 38. Qd1 Nc7 39. Rb2 R8a7 40. Rab1 Rb7 41.
Qe2 Ra8 42. Bd2 Rba7 43. h3 Ra2 44. Qf1 R8a7 45. Qe2 Qa8 46. Qd1 R7a4 47. Kg3
Qc6 48. Rxa2 Rxa2 49. Ra1 Ra4 50. Rb1 Kg7 51. Qe2 Ra2 52. Qd1 Qc4 53. Ra1 Ra4
54. Ne3 Qc6 55. Nc2 Na8 56. Rb1 Nb6 57. Ne3 Ra3 58. Qe2 Nc4 59. Nxc4 dxc4 60.
Rc1 Qa8 61. Be1 Ra2 62. Rc2 Ra1 63. Bf2 Ra3 64. Be1 Qd8 65. Kg2 Qd5 66. Qe4 Ra1
67. Qe2 Qa8 68. Bf2 Ra7 69. Rb2 Qd5 70. Qe4 Rb7 71. Be1 Qd7 72. Qe2 Rc7 73. Qc2
b4 74. cxb4 Qxd4 75. Bc3 Qb6 76. Qf2 Qb5 77. Qe1 Ra7 78. Qe3 Ra3 79. Qc1 Ra8
80. Qe1 Rd8 81. Rd2 Rb8 82. Rb2 Bg5 83. Ra2 Rd8 84. Ra5 Qb7 85. Rc5 Rd3 86. Qe2
Rxc3 87. Rxc4 Re3 88. Qd1 Qb5 89. Qf1 Qxe5 90. f4 Qd5+ 91. Kh2 Qd2+ 92. Qg2 Re2
93. fxg5 Rxg2+ 94. Kh1 Rh2+ 95. Kg1 Qg2# 0-1

[Event "Team junior-girls chess final 2017"]
[Site "Sochi"]
[Date "2017.05.10"]
[Round "7.1"]
[White "Garifullina, Leya"]
[Black "Surovtseva, Alisa"]
[Result "1-0"]
[WhiteElo "2015"]
[BlackElo "1588"]
[PlyCount "75"]
[EventDate "2017.05.01"]

1. e4 e5 2. Nf3 Nc6 3. Bb5 g6 4. c3 a6 5. Ba4 Nge7 6. d4 b5 7. Bb3 exd4 8. cxd4
Bg7 9. d5 Na5 10. Bd2 Nxb3 11. Qxb3 c5 12. Bc3 c4 13. Qb4 f6 14. a4 O-O 15.
axb5 d6 16. b6 Rb8 17. O-O Qxb6 18. Qxc4 f5 19. Nbd2 Bb7 20. Ba5 Qxb2 21. Rab1
Qf6 22. Qc7 Rfc8 23. Qd7 Ba8 24. Rxb8 Rxb8 25. Bc7 Rb7 26. Qd8+ Qf8 27. Qxd6
fxe4 28. Nxe4 Rb5 29. Qe6+ Qf7 30. Qxf7+ Kxf7 31. Nd6+ Kf8 32. Nxb5 axb5 33. d6
Nc6 34. d7 Ke7 35. Rd1 Nd8 36. Bxd8+ Kxd8 37. Ng5 Bf6 38. Ne6+ 1-0

[Event "Team junior-girls chess final 2017"]
[Site "Sochi"]
[Date "2017.05.10"]
[Round "7.1"]
[White "Tolstykh, Arina"]
[Black "Stepanyan, Eva"]
[Result "0-1"]
[WhiteElo "1439"]
[BlackElo "1938"]
[PlyCount "94"]
[EventDate "2017.05.01"]

1. d4 Nf6 2. c4 e6 3. Nc3 Bb4 4. Qc2 O-O 5. Nf3 c5 6. e3 b6 7. Be2 Bb7 8. O-O
cxd4 9. exd4 d5 10. cxd5 Nxd5 11. a3 Be7 12. Nxd5 Bxd5 13. Be3 Nd7 14. Rac1 Nf6
15. Nd2 Qd7 16. Qc7 Qxc7 17. Rxc7 Bd6 18. Rc3 Rfd8 19. Bf3 Bxf3 20. Nxf3 Nd5
21. Rc6 Ne7 22. Rc3 Kf8 23. Ng5 h6 24. Ne4 Bb8 25. Rd3 e5 26. Rfd1 f5 27. Nc3
e4 28. R3d2 f4 29. Nxe4 fxe3 30. fxe3 Nd5 31. Rf2+ Kg8 32. Rf3 Re8 33. Nc3 Nxc3
34. bxc3 Bd6 35. a4 Rac8 36. Rc1 Rc4 37. a5 bxa5 38. Ra1 a4 39. Kf2 a3 40. Ke2
Rxc3 41. Kd2 Bb4 42. Ke2 Rec8 43. Rg3 Rc1 44. Ra2 R1c2+ 45. Rxc2 Rxc2+ 46. Kd3
Rc3+ 47. Ke4 a2 0-1

[Event "Team junior-girls chess final 2017"]
[Site "Sochi"]
[Date "2017.05.10"]
[Round "7.2"]
[White "Vinokur, Yuliya"]
[Black "Yakimova, Mariya"]
[Result "1-0"]
[WhiteElo "2233"]
[BlackElo "1808"]
[PlyCount "85"]
[EventDate "2017.05.01"]

1. Nf3 e6 2. d3 Nf6 3. c4 Be7 4. g3 b6 5. Bg2 Bb7 6. O-O O-O 7. b3 c5 8. Bb2 d5
9. cxd5 exd5 10. d4 Nbd7 11. Nc3 Rc8 12. e3 Re8 13. Ne2 Ba6 14. Re1 Ne4 15. a3
c4 16. Nc3 Nxc3 17. Bxc3 cxb3 18. Qxb3 Bc4 19. Qb2 b5 20. a4 Rb8 21. axb5 Rxb5
22. Qc2 Qb6 23. Nd2 Rc8 24. Qa4 Rc7 25. Rec1 Bb4 26. Nxc4 dxc4 27. Bf1 g6 28.
Rab1 a5 29. Be1 Rh5 30. Bxb4 Rb5 31. Rxc4 Rxc4 32. Bxc4 Rxb4 33. Rxb4 Qxb4 34.
Qxd7 Qxc4 35. Qd8+ Kg7 36. Qxa5 Qc2 37. Kg2 Qc6+ 38. d5 Qc4 39. Qd2 Kf8 40. h3
Ke8 41. Qd1 Kd7 42. Qg4+ Qxg4 43. hxg4 1-0

[Event "Team junior-girls chess final 2017"]
[Site "Sochi"]
[Date "2017.05.10"]
[Round "7.2"]
[White "Tukaeva, Aida"]
[Black "Mironenko, Galina"]
[Result "0-1"]
[WhiteElo "1852"]
[BlackElo "1949"]
[PlyCount "138"]
[EventDate "2017.05.01"]

1. d4 Nc6 2. Nf3 d5 3. Bf4 Bg4 4. e3 a6 5. a3 Nf6 6. Be2 e6 7. Nbd2 Bd6 8. Bg3
O-O 9. O-O Ne7 10. c4 b6 11. Rc1 c5 12. dxc5 bxc5 13. Nb3 Bxf3 14. gxf3 Rb8 15.
Qc2 Bxg3 16. hxg3 Qb6 17. Bd1 Rfc8 18. Kg2 Ng6 19. Rh1 Ne5 20. cxd5 c4 21. Nd4
exd5 22. Rb1 c3 23. b3 Nc4 24. Ra1 Nd6 25. g4 g6 26. f4 Nb5 27. Nxb5 Qxb5 28.
f5 Ne4 29. f3 Nd2 30. f6 Qxb3 31. Qd3 Qb6 32. Bc2 Qxf6 33. f4 Qe6 34. Rh4 Qe4+
35. Qxe4 Nxe4 36. Bxe4 dxe4 37. Rhh1 Rb2+ 38. Kg3 Rd8 39. Rac1 Rd3 40. Rhe1 Ra2
41. f5 g5 42. Rb1 Rb2 43. Rbc1 Rdd2 44. Rg1 c2 45. Rg2 Rd3 46. Rgxc2 Rxe3+ 47.
Kg2 Re2+ 48. Rxe2 Rxe2+ 49. Kf1 Re3 50. Rc4 Rxa3 51. Rxe4 Kg7 52. Ke2 Ra2+ 53.
Kd3 a5 54. Kc3 a4 55. Kb4 a3 56. Kb3 Ra1 57. Re3 Rg1 58. Re4 Rg3+ 59. Ka2 Rf3
60. Ka1 Rf4 61. Re3 Rxg4 62. Rxa3 Rf4 63. Ra5 h5 64. Kb1 h4 65. Kc1 h3 66. Ra2
Rxf5 67. Rh2 g4 68. Kd1 Kg6 69. Ke2 Kg5 0-1

[Event "Team junior-girls chess final 2017"]
[Site "Sochi"]
[Date "2017.05.10"]
[Round "7.2"]
[White "Nasybullina, Dayana"]
[Black "Fairuzova, Zulfiiya"]
[Result "0-1"]
[WhiteElo "1786"]
[BlackElo "1677"]
[PlyCount "156"]
[EventDate "2017.05.01"]

1. e4 e6 2. d3 c5 3. Nf3 Nc6 4. g3 g6 5. Bg2 Bg7 6. O-O Nge7 7. Nbd2 d6 8. Re1
e5 9. c3 O-O 10. Nf1 Bg4 11. h3 Bxf3 12. Bxf3 b5 13. Bg2 Rb8 14. g4 Qd7 15. Ng3
b4 16. h4 d5 17. Qe2 d4 18. c4 a5 19. h5 Rfe8 20. h6 Bf8 21. g5 Qd6 22. Qg4 Qe6
23. Qh4 Nc8 24. Bh3 Qd6 25. Nf1 Qd8 26. Nh2 Be7 27. Ng4 Rf8 28. f4 f6 29. gxf6
Bxf6 30. Nxf6+ Qxf6 31. Qxf6 Rxf6 32. f5 gxf5 33. exf5 Nd6 34. Bg5 Rff8 35. f6
Kf7 36. Bg2 Kg6 37. Bd2 Rbc8 38. Bxc6 Rxc6 39. Rxe5 Nf7 40. Re2 Rxf6 41. Rg2+
Kh5 42. Re1 Rg6 43. Rxg6 hxg6 44. Re7 g5 45. h7 Kg6 46. Rc7 Ne5 47. Be1 Nxd3
48. Bg3 Rh8 49. Ra7 Nxb2 50. Rxa5 Rxh7 51. Rxc5 Rd7 52. Be1 Nd3 53. Rc6+ Kf5
54. Bd2 g4 55. Ra6 Rc7 56. Ra5+ Ke4 57. c5 Kf3 58. a3 bxa3 59. Rxa3 Ke4 60. Kg2
Rxc5 61. Ra2 Ne5 62. Kg3 Rc4 63. Rb2 Ra4 64. Bh6 Ra3+ 65. Kg2 Rc3 66. Re2+ Kd5
67. Bg7 Re3 68. Ra2 d3 69. Ra5+ Kd4 70. Ra4+ Kc3 71. Ra8 d2 72. Ra3+ Kc2 73.
Rxe3 d1=Q 74. Rxe5 Qf3+ 75. Kg1 g3 76. Rc5+ Kd2 77. Bd4 Qe4 78. Rc4 Qe1+ 0-1

[Event "Team junior-girls chess final 2017"]
[Site "Sochi"]
[Date "2017.05.10"]
[Round "7.2"]
[White "Gibadullina, Rajana"]
[Black "Shamsutdinova, Karina"]
[Result "1-0"]
[WhiteElo "1706"]
[BlackElo "1617"]
[PlyCount "91"]
[EventDate "2017.05.01"]

1. b3 e6 2. Bb2 d5 3. f4 Nf6 4. Nf3 Bd6 5. e3 c5 6. Bb5+ Bd7 7. Bxd7+ Nbxd7 8.
O-O Qc7 9. Nc3 a6 10. Ne2 b5 11. Qe1 O-O-O 12. a4 b4 13. c3 Qb6 14. cxb4 cxb4
15. Ne5 Bxe5 16. fxe5 Ng4 17. Rxf7 Ngxe5 18. Rc1+ Nc6 19. a5 Qb7 20. Nd4 Kb8
21. Nxc6+ Ka8 22. Nxd8 Rxd8 23. Qg3 e5 24. Bxe5 Rc8 25. Rxc8+ Qxc8 26. Qxg7
Qc1+ 27. Rf1 Qc8 28. h3 Kb7 29. Rf7 Kc6 30. Rxd7 Qxd7 31. Qxd7+ Kxd7 32. Bd4
Kc6 33. g4 Kb5 34. Bb6 Kc6 35. h4 Kd6 36. Kg2 Ke6 37. Bc5 Kf6 38. Bxb4 Ke5 39.
Bc3+ Ke4 40. b4 d4 41. Bxd4 Kd5 42. g5 Kc4 43. h5 Kxb4 44. g6 Kxa5 45. g7 Kb5
46. g8=Q 1-0

[Event "Team junior-girls chess final 2017"]
[Site "Sochi"]
[Date "2017.05.10"]
[Round "7.3"]
[White "Ilyina, Lada"]
[Black "Moiseeva, Olesya"]
[Result "1/2-1/2"]
[WhiteElo "1670"]
[BlackElo "1687"]
[PlyCount "159"]
[EventDate "2017.05.01"]

1. e4 e5 2. Nc3 Nf6 3. g3 Bb4 4. Bg2 d6 5. Nge2 Nc6 6. O-O O-O 7. d3 h6 8. a3
Ba5 9. b4 Bb6 10. Na4 Nd4 11. Nxd4 Bxd4 12. c3 Bb6 13. Nxb6 axb6 14. d4 exd4
15. cxd4 Re8 16. Qc2 Bd7 17. a4 Bb5 18. Re1 Qd7 19. a5 bxa5 20. bxa5 Ra6 21.
Bd2 d5 22. exd5 Rxe1+ 23. Rxe1 Nxd5 24. Qc5 Rd6 25. Re5 Bc6 26. Bxd5 Rxd5 27.
Rxd5 Bxd5 28. h3 c6 29. g4 h5 30. Qc3 hxg4 31. h4 Qf5 32. Qe3 Qb1+ 33. Qe1 Qb3
34. Qe3 Qd1+ 35. Be1 g3 36. fxg3 Qg4 37. Kf2 Qh3 38. Ke2 Qg2+ 39. Qf2 Qe4+ 40.
Qe3 Bc4+ 41. Kd2 Qb1 42. Qc3 Qa2+ 43. Kc1 Bd5 44. Qb2 Qc4+ 45. Qc3 Qe2 46. Qd2
Qf3 47. Qb4 Be4 48. Qc3 Qe2 49. Qd2 Qb5 50. Qb4 Qd3 51. Qb2 Bf5 52. Qc3 Qb1+
53. Kd2 Bg4 54. Ke3 Qd1 55. Kf2 Qe2+ 56. Kg1 Bh3 57. Qd2 Qf1+ 58. Kh2 Be6 59.
Qf2 Qh3+ 60. Kg1 Bd5 61. Qh2 Qg4 62. Qf2 Qe4 63. Kf1 Qd3+ 64. Kg1 Qd1 65. Qe3
Qg4 66. Qf2 Bf3 67. Kh2 g5 68. Qe3 gxh4 69. Qe8+ Kg7 70. Qe5+ Kh7 71. Qf4 hxg3+
72. Bxg3 Kg6 73. Qxg4+ Bxg4 74. Bd6 Kf5 75. Kg3 Bd1 76. Bc7 Ke4 77. Bb6 f5 78.
Kf2 f4 79. Bc5 f3 80. Bb6 1/2-1/2

[Event "Team junior-girls chess final 2017"]
[Site "Sochi"]
[Date "2017.05.10"]
[Round "7.3"]
[White "Andreeva, Anastasiia"]
[Black "Strukova, Ksenia"]
[Result "0-1"]
[WhiteElo "1598"]
[BlackElo "1762"]
[PlyCount "221"]
[EventDate "2017.05.01"]

1. d4 Nf6 2. c4 d6 3. Nc3 g6 4. Nf3 Bg7 5. Bf4 Nbd7 6. e3 c6 7. h3 O-O 8. Be2
Re8 9. O-O Nh5 10. Bh2 e5 11. Nd2 Nhf6 12. Nde4 exd4 13. Nxf6+ Qxf6 14. exd4
Qxd4 15. Bxd6 Qxd1 16. Bxd1 Nb6 17. Bb3 Be6 18. c5 Bxb3 19. axb3 Bxc3 20. bxc3
Nd5 21. c4 Nc3 22. Rfe1 a6 23. Be5 Ne2+ 24. Rxe2 f6 25. Rae1 fxe5 26. Rxe5 Rxe5
27. Rxe5 Kf7 28. Kf1 Kf6 29. Re4 a5 30. Re1 a4 31. Rb1 a3 32. Ra1 Ke5 33. Ke2
Kd4 34. Kd2 Rf8 35. f3 Ra8 36. Ra2 Ra5 37. Ra1 a2 38. h4 Ra8 39. g4 Rf8 40. Ke2
Ra8 41. Kd2 Rf8 42. Ke2 Re8+ 43. Kd2 Re3 44. Rxa2 Rxf3 45. Kc2 Rf4 46. g5 Kxc5
47. Ra5+ Kd6 48. Ra7 Kc7 49. Ra5 Rxh4 50. Kc3 Rh3+ 51. Kb4 Rg3 52. Ka3 Rg2 53.
Ka4 Rf2 54. Kb4 Rg2 55. Ka4 Kd6 56. Kb4 Rf2 57. Ra7 Kc7 58. Ra5 Re2 59. Ka3 Re1
60. Ka4 Kb6 61. Kb4 Re3 62. Ra8 Re7 63. Rh8 Rf7 64. Rg8 Kc7 65. Rh8 Kb6 66. Rg8
Re7 67. Rh8 Rf7 68. Rg8 Rf5 69. Rg7 Rxg5 70. Rxh7 Rg1 71. Rg7 g5 72. Rg6 g4 73.
c5+ Ka7 74. Rg7 g3 75. Rg6 Ka6 76. Rf6 Re1 77. Rg6 Re4+ 78. Ka3 Re3 79. Kb4 Rf3
80. Rg4 Re3 81. Rg6 Re4+ 82. Ka3 Kb5 83. Rxg3 Kxc5 84. Rc3+ Kb5 85. Rg3 c5 86.
Rh3 b6 87. Rg3 Re2 88. Rg4 Rh2 89. Rf4 Ka6 90. Rf6 Ka5 91. Rf8 b5 92. Ra8+ Kb6
93. Rb8+ Ka6 94. Ra8+ Kb7 95. Rg8 Rd2 96. Rg7+ Kb6 97. Rg6+ Ka5 98. b4+ cxb4+
99. Kb3 Rd3+ 100. Kc2 Rh3 101. Kb2 b3 102. Rg8 Ka4 103. Rg2 Rh4 104. Rf2 Rc4
105. Rg2 Rc2+ 106. Rxc2 bxc2 107. Kxc2 Ka3 108. Kb1 b4 109. Ka1 b3 110. Kb1 b2
111. Kc2 0-1

[Event "Team junior-girls chess final 2017"]
[Site "Sochi"]
[Date "2017.05.10"]
[Round "7.3"]
[White "Granovskaya, Ekaterina"]
[Black "Mikhailova, Yuliya"]
[Result "1-0"]
[WhiteElo "1741"]
[BlackElo "1771"]
[PlyCount "67"]
[EventDate "2017.05.01"]

1. e4 c5 2. Nf3 e6 3. c4 Nc6 4. Nc3 Nf6 5. Be2 Be7 6. O-O O-O 7. d3 a6 8. Bf4
d6 9. h3 Qa5 10. Bd2 Qc7 11. Be3 Bd7 12. d4 cxd4 13. Nxd4 Nxd4 14. Bxd4 Bc6 15.
f3 Qa5 16. Qd3 Nd7 17. a3 Rfd8 18. b4 Qc7 19. Rac1 b6 20. Rfd1 a5 21. Qd2 axb4
22. axb4 Ra3 23. Nd5 Bxd5 24. cxd5 Qb7 25. Qb2 Rda8 26. Bb5 Nb8 27. Qc2 h6 28.
Bb2 Ra2 29. dxe6 fxe6 30. Bc4 R2a7 31. Bxe6+ Kh8 32. Qc8+ Qxc8 33. Rxc8+ Kh7
34. Bf5+ 1-0

[Event "Team junior-girls chess final 2017"]
[Site "Sochi"]
[Date "2017.05.10"]
[Round "7.3"]
[White "Baisheva, Nyurguiaana"]
[Black "Nur-Mukhametova, Alisa"]
[Result "1-0"]
[WhiteElo "1728"]
[BlackElo "1699"]
[PlyCount "119"]
[EventDate "2017.05.01"]

1. e4 c5 2. Nf3 d6 3. d4 cxd4 4. Nxd4 Nf6 5. Nc3 a6 6. Be2 e6 7. O-O Be7 8. f4
Qc7 9. a4 b6 10. Bf3 Nfd7 11. Kh1 O-O 12. f5 Ne5 13. Bf4 Nxf3 14. Nxf3 Nc6 15.
fxe6 fxe6 16. Bg3 Bb7 17. Qd2 Na5 18. Rab1 Nc4 19. Qd3 Rac8 20. Nd1 Qc6 21. Nf2
e5 22. b3 Na5 23. c4 Qc7 24. Bh4 Rxf3 25. Qxf3 Bxh4 26. Ng4 Qe7 27. g3 Bg5 28.
h4 Bd2 29. Rb2 Bb4 30. Ne3 Rf8 31. Nf5 Qf6 32. Rbf2 Qxf5 33. exf5 Bxf3+ 34.
Rxf3 Nc6 35. g4 Nd4 36. Rd3 h5 37. gxh5 Nxf5 38. Kh2 Nxh4 39. Rxf8+ Kxf8 40.
Kh3 g5 41. Kg4 Kg7 42. Kxg5 Ng2 43. Rg3 Nf4 44. Rf3 Bd2 45. Kg4 Kh6 46. Rf2 Be3
47. Rf1 a5 48. Rd1 Bc5 49. Rd2 Ne6 50. Rd3 e4 51. Rd1 e3 52. Re1 Bd4 53. Kf3
Ng5+ 54. Kf4 Bc3 55. Re2 Bd2 56. Kf5 Bc1 57. Rg2 Nf3 58. Ke4 Ne5 59. Re2 Ng4
60. Kf5 1-0

[Event "Team junior-girls chess final 2017"]
[Site "Sochi"]
[Date "2017.05.10"]
[Round "7.4"]
[White "Vyrtosu, Natalia"]
[Black "Tokmakova, Ulyana"]
[Result "1-0"]
[WhiteElo "1871"]
[BlackElo "1315"]
[PlyCount "73"]
[EventDate "2017.05.01"]

1. d4 Nf6 2. Nf3 e6 3. c4 b6 4. e3 Bb7 5. Bd3 d5 6. O-O Be7 7. Nc3 O-O 8. cxd5
Nxd5 9. e4 Nf6 10. Qc2 h6 11. Rd1 Nbd7 12. Bf4 c5 13. d5 exd5 14. exd5 Nh5 15.
Be3 a6 16. a4 Qc7 17. Bc4 Bd6 18. Qf5 Nhf6 19. Ne4 Nxe4 20. Qxe4 Nf6 21. Qf5
Bc8 22. Qd3 Ng4 23. h3 Nf6 24. Nh4 Rd8 25. Nf5 Bb7 26. Nxd6 Qxd6 27. Qb3 Rd7
28. Rd3 Rad8 29. Rad1 a5 30. g3 g5 31. h4 gxh4 32. Bf4 Qe7 33. Bxh6 b5 34. axb5
a4 35. Qxa4 Nxd5 36. Bxd5 Rd6 37. Bxb7 1-0

[Event "Team junior-girls chess final 2017"]
[Site "Sochi"]
[Date "2017.05.10"]
[Round "7.4"]
[White "Zelenskaya, Anastasiya"]
[Black "Girshgorn, Maria"]
[Result "1/2-1/2"]
[WhiteElo "1738"]
[BlackElo "1813"]
[PlyCount "80"]
[EventDate "2017.05.01"]

1. e4 c6 2. d4 d5 3. Nc3 dxe4 4. Nxe4 Nf6 5. Qd3 Nbd7 6. Nf3 Nxe4 7. Qxe4 Nf6
8. Qe2 Bg4 9. c3 Qd5 10. h3 Bxf3 11. Qxf3 Qxf3 12. gxf3 Nd5 13. a3 O-O-O 14.
Bc4 g6 15. Be3 Bg7 16. O-O-O f5 17. Rhe1 Bf6 18. Bb3 g5 19. c4 Nc7 20. d5 cxd5
21. cxd5 Kb8 22. Bc5 Rd7 23. d6 exd6 24. Rxd6 Rxd6 25. Bxd6 Rd8 26. Re6 Bd4 27.
Be5 Kc8 28. Re7 Nd5 29. Bxd5 Rxd5 30. Bxd4 Rxd4 31. Rxh7 Rf4 32. Rg7 Rxf3 33.
Rxg5 Rxf2 34. Rg7 f4 35. Rf7 Rh2 36. Rxf4 Rxh3 37. Rf7 Rh2 38. Re7 Rf2 39. Rg7
a6 40. Re7 Rg2 1/2-1/2

[Event "Team junior-girls chess final 2017"]
[Site "Sochi"]
[Date "2017.05.10"]
[Round "7.4"]
[White "Bondareva, Daria"]
[Black "Lintsova, Liliya"]
[Result "1-0"]
[WhiteElo "1778"]
[BlackElo "1528"]
[PlyCount "53"]
[EventDate "2017.05.01"]

1. e4 e6 2. d4 d5 3. exd5 exd5 4. c4 c6 5. Nc3 Nf6 6. Bd3 Bb4 7. Nge2 O-O 8.
O-O dxc4 9. Bxc4 Nbd7 10. Bb3 Nb6 11. Bg5 Bd6 12. h3 Bf5 13. Ng3 Bg6 14. f4 h6
15. Bh4 Kh8 16. Qf3 Rc8 17. Rad1 a6 18. Kh1 Rc7 19. a3 Rc8 20. Nce2 Be7 21. f5
Bh7 22. Nc3 Bd6 23. Bxf6 Qxf6 24. Nge4 Qd8 25. f6 g6 26. Qe3 g5 27. Nxg5 1-0

[Event "Team junior-girls chess final 2017"]
[Site "Sochi"]
[Date "2017.05.10"]
[Round "7.4"]
[White "Asatryan, Maria"]
[Black "Kasaeva, Sofiia"]
[Result "1-0"]
[WhiteElo "1349"]
[BlackElo "1661"]
[PlyCount "115"]
[EventDate "2017.05.01"]

1. d4 d5 2. c4 e5 3. cxd5 Qxd5 4. dxe5 Qxd1+ 5. Kxd1 Nc6 6. Bf4 Bf5 7. Nc3
O-O-O+ 8. Kc1 Bc5 9. e4 Be6 10. f3 Nge7 11. Bb5 a6 12. Bxc6 Nxc6 13. Nge2 h6
14. h4 Bc4 15. Ng3 Nb4 16. Bd2 Nd3+ 17. Kc2 Nxb2 18. Nf5 Ba3 19. Bc1 g6 20. Ng3
Rhe8 21. Bxb2 Bxb2 22. Kxb2 Rd2+ 23. Ka3 Rxg2 24. Rhg1 Rf2 25. Kb4 Be6 26. Rgf1
Rb2+ 27. Ka3 Rd2 28. Rad1 Rh2 29. Rh1 Rf2 30. Rdf1 Rd2 31. Nge2 Red8 32. Rd1
R2d3 33. Kb2 Rxf3 34. Rxd8+ Kxd8 35. Nd4 Rf2+ 36. Ka3 c5 37. Nxe6+ fxe6 38. Rg1
b5 39. Kb3 Rf3 40. Kb2 b4 41. Nd1 g5 42. hxg5 hxg5 43. Rxg5 Rf4 44. Rg3 a5 45.
Re3 a4 46. Re2 Kc7 47. Kc2 Rf8 48. Rd2 Rb8 49. Nb2 a3 50. Nc4 Rd8 51. Rxd8 Kxd8
52. Kb3 Kc7 53. Nxa3 Kc6 54. Nc4 Kb5 55. Nd6+ Kc6 56. Kc4 Kb6 57. Ne8 Kc6 58.
Ng7 1-0